Name The One Piece Character - Statistics

General Stats
  • This quiz has been taken 84 times
  • The average score is 154 of 230
Answer Stats
Picture Answer % Correct
Enel
96%
WhiteBeard
96%
Big Mom / Charlotte Linlin
92%
Monkey D. Garp
92%
Trafalgar Law
90%
Arlong
88%
Crocodile
88%
Donquixote Doflamingo
88%
Franky
88%
Roronoa Zoro
88%
Sanji
88%
Shanks
88%
Jinbe
85%
Monkey D. Luffy
85%
Nami
85%
Portgas D. Ace
85%
Silvers Rayleigh
85%
Tony Tony Chopper
85%
Usopp
85%
Brook
83%
Buggy
83%
Kaido
83%
Marco
83%
Rob Lucci
83%
Vinsmoke Reiju
83%
Bartholomew Kuma
81%
Bellamy
81%
Boa Hancock
81%
Carrot
81%
Dracule Mihawk
81%
Eustass Kid
81%
Gol.D Roger
81%
Ivankov
81%
Koby
81%
Monkey D. Dragon
81%
nefertari vivi
81%
Sabo
81%
Sakazuki Akainu
81%
Smoker
81%
Vegapunk
81%
Zeff
81%
Bepo
79%
BlackBeard
79%
Cavendish
79%
Charlotte Pudding
79%
Donquixote Rosinante / Corazon
79%
Foxy
79%
Gecko Moria
79%
Koala
79%
Kozuki Oden
79%
Mr2
79%
Mr3
79%
Nefertari Cobra
79%
Nico Robin
79%
Perona
79%
Yamato
79%
Alvida
77%
baby5
77%
Charlotte Katakuri
77%
Fujitora Isshou / Issho
77%
Jack
77%
Killer
77%
Kinemon
77%
King
77%
Laboon
77%
Neptune
77%
Pedro
77%
Wapol
77%
X Drake
77%
Aokiji Kuzan
75%
Bartolomeo
75%
Jesus Burgess
75%
Kizaru Borsalino
75%
Magellan
75%
Pica
75%
Queen
75%
Sengoku
75%
Basil Hawkins
73%
Caesar Clown
73%
Capone Bege
73%
Captain Morgan
73%
Dadan
73%
Don Krieg
73%
Dorry
73%
Jaguar D. Saul
73%
Kaku
73%
Kozuki Momonosuke
73%
Kuro
73%
Monet
73%
Mr5
73%
Scratchmen Apoo
73%
Spandam
73%
Tashigi
73%
Tom
73%
Vinsmoke Judge
73%
Yasopp
73%
Charlotte Perospero
71%
Dr. Kureha
71%
Fisher Tiger
71%
Helmeppo
71%
Hordy Jones
71%
Iceburg
71%
Jewelry Bonney
71%
Kalifa
71%
Kanjuro
71%
Mr1
71%
Oars
71%
Pell
71%
Rebecca
71%
Senor Pink
71%
Shimotsuki Ryuma
71%
Shirahoshi
71%
Black Maria
69%
Caribou
69%
Hatchan
69%
Hina
69%
Jango
69%
Kyros
69%
Makino
69%
Pandaman
69%
Sentomaru
69%
Sugar
69%
Urouge
69%
Vinsmoke Niji
69%
Absalom
67%
Bellemere
67%
Broggy
67%
Cabaji
67%
Gin
67%
Kaya
67%
Kuina
67%
Kurozumi Orochi
67%
Lucky Roux
67%
Nekomamushi
67%
Nojiko
67%
Otama
67%
Penguin
67%
Saint Charlos
67%
Shiki
67%
Shiryu
67%
Vergo
67%
Vinsmoke Yonji
67%
Viola
67%
Blueno
65%
Diamante
65%
Kozuki Toki
65%
Pekoms
65%
Vista
65%
Benn Beckman
63%
Dalton
63%
Denjiro / Kyoshiro
63%
Dr. Hiriluk
63%
Inuarashi
63%
Kokoro
63%
Nico Olvia
63%
Otohime
63%
Paulie
63%
Shakky
63%
Trebol
63%
Tsuru
63%
Vinsmoke Ichiji
63%
Wanda
63%
Wyper
63%
Boa Sandersonia
60%
Camie
60%
Doc Q
60%
ganfall
60%
Jabra
60%
Lafitte
60%
Raizo
60%
Boa Marigold
58%
Chinjao
58%
Dr. Hogback
58%
Igaram
58%
Inazuma
58%
Izo
58%
Kouzuki Hiyori
58%
MontBlanc Cricket
58%
Mr4
58%
Patty
58%
Ashura Doji
56%
Conis
56%
Gloriosa Nyon
56%
Kawamatsu
56%
Stronger
56%
Charlotte Smoothies
54%
Duval
54%
Hannyabal
54%
Shaka
54%
Choo
52%
Full body
52%
Genzo
52%
Kalgara
52%
Koza
52%
Mohji
52%
Okiku
52%
Rockstar
52%
Thatch
52%
Yosaku
52%
Lilith
50%
Ms Valentine
50%
Chaka
48%
Chimney
48%
Fukuro
48%
Gedatsu
48%
Kuroobi
48%
Satori
48%
Bastille
46%
Edison
46%
Kumadori
46%
Ohm
46%
Woop Slap
46%
Jean Bart
44%
Marguerite
44%
shachi
44%
T-Bone
44%
Ms Doublefinger
42%
Ms. Goldenweek
42%
Ms Monday
42%
Toko
42%
Van Auger / Van Ogre
42%
Jonny
40%
Sweet Pea
35%
Porche
31%
Aphelandra
29%
Hyouzou
29%
Shura
29%
Ain
21%
Pappug
21%
Magura/Magra
10%
No matching quizzes found
Score Distribution
Percent of People with Each Score
Percentile by Number Answered
Your Score History
You have not taken this quiz